000 00837nam a2200265 a 4500
005 20200104041520.0
008 140227b1998 waua gr|||| 00| 0 eng d
040 _aCO-BoIAVH
_cCO-BoIAVH
041 _aeng
044 _axxu
082 4 _a333.714
_bE37e
100 1 _aEl-Ashry, Mohamed T.
245 1 _aEarly impacts promising futures
260 _aWashington
_bGlobal Enviroment Facility
_c1998
300 _a69 paginas.:
_bilustraciones.;
_c28 x 21 cm
650 4 _aGlobal environment facility
650 4 _aBiodiversidad
650 4 _aConservación de biodiversidad
650 4 _aManejo de biodiversidad
650 4 _aCambio climático
650 4 _aAreas degradadas
650 4 _aDesarrollo institucional
700 1 _aDrake Swift, Susan
942 _cLIBRO
_2ddc
999 _c1370
_d1370